| 000 | 00363nam a2200145Ia 4500 | ||
|---|---|---|---|
| 008 | 150201s2008 xx 000 0 und d | ||
| 082 |
_a615.321 _bD2008S |
||
| 100 | _aSHARMA,H.L. | ||
| 245 | _aTEX TBOOK OF DENTAL PHARMACOLOGY | ||
| 250 | _a1ST | ||
| 260 |
_bPARAS PUBLISHING _aHYDERABAD _c2008 |
||
| 300 | _a1-596 | ||
| 650 | _aPHARMACOLOGY | ||
| 942 |
_2ddc _cBK _01 |
||
| 999 |
_c4105 _d4105 |
||